State , development and alternatives (Record no. 1458479)

MARC details
000 -LEADER
fixed length control field 00557nam a2200193Ia 4500
005 - DATE AND TIME OF LATEST TRANSACTION
control field 20250923150018.0
008 - FIXED-LENGTH DATA ELEMENTS--GENERAL INFORMATION
fixed length control field 008 250917s9999 xx 000 0 eng d
037 ## - SOURCE OF ACQUISITION
Stock number Textual
040 ## - CATALOGING SOURCE
Original cataloging agency DSWL
Language of cataloging eng
Transcribing agency DSWL
041 ## - LANGUAGE CODE
Language code of text/sound track or separate title eng
Source of code eng
084 ## - COLON CLASSIFICATION NUMBER
Classification number Y72:7:7x2, N99
Assigning agency DSWL
245 #0 - TITLE STATEMENT
Title State , development and alternatives
Statement of responsibility, etc. Ed. by Ambrose Pinto
260 ## - PUBLICATION, DISTRIBUTION, ETC.
Place of publication, distribution, etc. New Delhi
Name of publisher, distributor, etc. Indian Social Institute
Date of publication, distribution, etc. 1999
300 ## - PHYSICAL DESCRIPTION
Extent xiii,313 p.
365 ## - TRADE PRICE
Price type code INR
Price amount 300.00
925 ## -
-- 300.00
942 ## - ADDED ENTRY ELEMENTS (KOHA)
Koha item type Textual
Classification part Y72:7:7x2, N99
Holdings
Withdrawn status Lost status Damaged status Not for loan Home library Current library Date acquired Total Checkouts Full call number Barcode Date last seen Price effective from Koha item type
        Department of Social Work Library Department of Social Work Library 2025-09-23   Y72:7:7x2, N99 SW0026912 2025-09-23 2025-09-23 Textual
Copyright @ Delhi University Library System